Представление документа в формате RUSMARC

ПолеНазваниеЗначение
  Тип записи a
  Библиографический уровень m
001 Контрольный номер RU/SLIB/B/208714277
005 Дата корректировки 20201206203922.4
010 Индекс ISBN __
d Цена 2-00
101 Язык документа __
a Язык текста rus
c Язык оригинала ger
200 Заглавие и сведения об ответственности 0_
a Заглавие Антенны
f Первые сведения об ответственности Ротхаммель К. ; пер. с нем. Т. Э. Кренкеля
b Общее обозначение материала Текст
205 Сведения об издании __
a Основные сведения об издании 3-е изд., доп.
210 Выходные данные __
a Место издания М.
c Издательство Энергия
d Дата издания 1979
215 Физическое описание __
a Объем 320 с.
c Иллюстрации/тип воспроизводства ил.
225 Серия __
a Серия Массовая радиобиблиотека
v Обозначение тома вып. 998
606 Тематические рубрики __
a Основная рубрика Радиоэлектроника
606 Тематические рубрики __
a Основная рубрика Антенны
610 Ключевые слова __
a Ключевые слова антенные системы; антенные сооружения
686 Индексы других классификаций __
a Классификационный индекс 32.845
700 Автор _1
a Фамилия Ротхаммель
b Имя К.
4 Код отношения 070
702 Вторичная интеллектуальная ответственность __
a Фамилия Кренкель
b Имя Т. Э.
4 Код отношения Переводчик
4 Код отношения 730
801 Источник записи _0
a Страна RU
b Организация Муниципальное бюджетное учреждение культуры "Централизованная библиотечная система" г. Сургут (Центральная городская библиотека им. А. С. Пушкина)
g Правила каталогизации К/Кундохова
801 Источник записи _1
a Страна RU
b Организация Муниципальное бюджетное учреждение культуры "Централизованная библиотечная система" г. Сургут (Центральная городская библиотека им. А. С. Пушкина)
g Правила каталогизации К/Кундохова
852 Данные о местонахождении __
j Шифр хранения 32.845
i Авторский знак Р 79
p Инвентарный номер 70
901 Тип документа __
t Тип документа m
990 Данные о заказе (DOS) 00
j Количество экземпляров (DOS) 1